书目信息 |
| 书名: | A delicate balance | |
| 作者: | Paul Light. | |
| 分册号: | ||
| 分册名: | 出版地: | New York, NY : |
|
| 出版社: | Worth Publishers | |
| 出版时间: | 1999. | |
| 页数: | 669 p. ; | |
| 开本: | 23cm. | |
| 丛书名: | ||
| 中图分类号: | ||
| 科图分类号: | ||
| 其他分类号: | D772 | |
| 主题词: | ||
| 电子资源: | ||
| 000 | 00605cam a22002175a 450 | |
| 001 | E0750583812 | |
| 005 | 20070322145056.18 | |
| 008 | 980319s1999 000 0 eng | |
| 010 | @a98084991 | |
| 020 | @a0312190492 (pbk.). | |
| 035 | @A(DLC) 98084991 | |
| 040 | @aDLC@cDLC | |
| 050 | 00 | @a9812 BOOK NOT YET IN LC |
| 090 | @aD772 | |
| 099 | @dD772@ex33=2 | |
| 100 | 1 | @aLight, Paul Charles. |
| 245 | 12 | @aA delicate balance :@ban introduction to american government / @cPaul Light. |
| 250 | @a2nd ed. | |
| 260 | @aNew York, NY :@bWorth Publishers,@c1999. | |
| 300 | @a669 p. ;@c23cm. | |
| 504 | @aincludes index | |
| A delicate balance : : an introduction to american government / / Paul Light.-2nd ed.-New York, NY : : Worth Publishers, , 1999. |
| 669 p. ; ; 23cm. |
| includes index |
| ISBN 0312190492 (pbk.). |
| ● |
| 相关链接 |
|
|
|
|
正题名:delicate balance
索取号:D772/x33=2
 
预约/预借
| 序号 | 登录号 | 条形码 | 馆藏地/架位号 | 状态 | 备注 |
| 1 | 0003522 | 300035227 | 第二样本阅览室/ [索取号:D772/x33=2] | 在馆 | |
| 2 | 0003523 | 300035236 | 第四借阅区/ [索取号:D772/x33=2] | 在馆 | |
| 3 | 0003524 | 300035245 | 第四借阅区/ [索取号:D772/x33=2] | 在馆 | |
| 4 | 0003525 | 300035254 | 第四借阅区/ [索取号:D772/x33=2] | 在馆 |